00533nam a2200145Ia 4500008004100000100002000041245009600061245002000157260005900177650001800236650001500254856002600269999001900295952007300314170221s9999 xx 000 0 und d aVittorio Marone a“Keep in mind that I will be improving”: The Opening Post as a Request for Absolution  cVittorio Marone bOnline Journal of Communication and Media Technologies xCommunication xMedia Arts uhttp://www.ojcmt.net/ c312631d312631 001040aCLbCLd2017-02-21l0r2017-02-21 00:00:00w2017-02-21yFOJ